| 000 | 00886nam a2200277Ia 4500 | ||
|---|---|---|---|
| 001 | Z_778 | ||
| 003 | CHAP | ||
| 008 | 220113s1991 xx 000 0 und d | ||
| 010 | _a163872 | ||
| 040 | _cCHAP | ||
| 090 | _aTesis V 639 | ||
| 100 |
_aVillagómez Zamudio, Estanislao _9119412 |
||
| 245 |
_aFertilización fosfórica para la producción de semilla del pasto orchard (Dactylis glomerata L., var. Potomac) / _cpor Estanislao Villagómez Zamudio |
||
| 260 |
_aChapingo, Méx. : _bEl autor, _c1991 |
||
| 502 | _aTesis (Ing. Agrónomo Esp. en Zootecnia) -- UACH. Departamento de Zootecnia | ||
| 650 |
_aDactylis glomerata _930865 |
||
| 650 |
_aFertilizantes fosfatados _940592 |
||
| 650 |
_aFertilizantes para pastos _940632 |
||
| 650 |
_aPastos _xSemilla _986077 |
||
| 901 | _aTESIS V 639 | ||
| 902 | _aM | ||
| 910 | _a1991 | ||
| 942 | _c2 | ||
| 942 | _c2 | ||
| 999 |
_c163872 _d163872 |
||